LEADER 00820nam a2200193 i 4500 001 000000170375 003 CaOOAMICUS 005 20080321000000.0 008 080321s1922 it u000 u fre u 013 $a147786 040 $aSeMil$bita 100 1 $aJoly, Henri <1839-1925>.$0(OLS)http://semarc/name/34159 245 10$aSouvenirs universitaires précédés des souvenirs bourguignos /$cHenri Joly de l'Académie des sciences morales et politiques. 260 $aParis :$bBloud & Gay,$c1922. 300 $aVIII, 261 p. ;$c19 cm. 850 $aSeMil 852 $aSeMil$W1$xVenegono$y1$m1V II 32$j121266$B121266$CSeMilBibl$Z2$F132619 $81 996 $6245$aSouvenirs universitaires précédés des souvenirs bourguignos$9(OLS)http://semarc/title/243678 996 $6260$aParis :$bBloud & Gay$9(OLS)http://semarc/publisher/31180 LEADER 01193nam a2200241 i 4500 001 000000209366 003 CaOOAMICUS 005 20111214000000.0 008 111214s1857 it u000 u ita u 013 $a188155 040 $aSeMil$bita 100 1 $aPuoti, Basilio,$d<1782-1847>.$0(OLS)http://semarc/name/3282 245 10$aRegole elementari della lingua italiana /$ccompilate nello studio di Basilio Puoti ; giŕ fornite di correzioni ed aggiunte da Pietro Dal Rio ed ora ripassate e accresciute dal medesimo per questa nuova impressione. 260 $aModena :$bN. Zanichelli,$c1857. 260 $aReggio :$bCalderini e C.,$c1857. 300 $a228 p. ;$c23 cm. 650 4$aLingua italiana - Grammatica - Opere anteriori al 1900.$0(OLS)http://semarc/subject/39005 700 1 $aDal Rio, Pietro.$0(OLS)http://semarc/name/74338 850 $aSeMil 852 $aSeMil$W1$xVenegono$y1$m1T IV 36 FA$j159817$B159817$CSeMilBibl$Z2$F170873 $8I 996 $6245$aRegole elementari della lingua italiana$9(OLS)http://semarc/title/302655 996 $6260$aReggio :$bCalderini e C.$9(OLS)http://semarc/publisher/34290 996 $6260$aModena :$bN. Zanichelli$9(OLS)http://semarc/publisher/52392